书目信息 |
| 题名: |
Internet 上的多媒体世界
|
|
| 作者: | 邢育森 编著 | |
| 分册: | ||
| 出版信息: | 北京 人民邮电出版社 1999.04 |
|
| 页数: | 199页 | |
| 开本: | 16开 | |
| 丛书名: | ||
| 单 册: | ||
| 中图分类: | TP393.4 | |
| 科图分类: | ||
| 主题词: | 计算机应用 | |
| 电子资源: | ||
| ISBN: | 7-115-07759-2 | |
| 000 | 00572nam0 2200193 45 | |
| 001 | 0009282120 | |
| 005 | 20000928210146.4 | |
| 010 | @a7-115-07759-2@d19.00元 | |
| 100 | @a20000928d1999 km y0chiy0120 ea | |
| 101 | 0 | @achi |
| 105 | @a z 000yy | |
| 200 | 1 | @aInternet 上的多媒体世界@AInternet Shang De Duo Mei Ti Shi Jie@f邢育森编著@FXing Yu Sen Bian Zhu |
| 210 | @a北京@c人民邮电出版社@d1999.04 | |
| 215 | @a199页@d16开 | |
| 606 | 0 | @a计算机应用 |
| 690 | @aTP393.4@v3 | |
| 701 | 0 | @a邢育森@4编著 |
| 801 | @aCN@bPftUser@c20000928 | |
| 905 | @b158634-636@dTP393.4@eX798@f3 | |
| Internet 上的多媒体世界/邢育森编著.-北京:人民邮电出版社,1999.04 |
| 199页;16开 |
| ISBN 7-115-07759-2:19.00元 |
| ● |
| 相关链接 |
|
|
|
正题名:Internet上的多媒体世界
索取号:TP393.4/X798
 
预约/预借
| 序号 | 登录号 | 条形码 | 馆藏地/架位号 | 状态 | 备注 |
| 1 | 158634 | 201586346 | 期刊室512/301自科库 134排2列5层/ [索取号:TP393.4/X798] | 在馆 | |
| 2 | 158635 | 201586355 | 自科二线404/404自科库 22排6列2层/ [索取号:TP393.4/X798] | 在馆 | |
| 3 | 158636 | 201586364 | 自科二线404/404自科库 18排1列5层/ [索取号:TP393.4/X798] | 在馆 |